[Event "TeamRussiamenrapid"]
[Site "?"]
[Date "2016.10.05"]
[Round "1.1"]
[White "Dubov, Daniil"]
[Black "Golubov, Saveliy"]
[Result "1-0"]
[LiveChessVersion "1.4.4"]
[BlackElo "2515"]
[WhiteElo "2690"]

1. c4 {[%clk 0:15:19]} Nf6 {[%clk 0:15:17]} 2. Nc3 {[%clk 0:15:28]} g6
{[%clk 0:15:26]} 3. g3 {[%clk 0:15:36]} Bg7 {[%clk 0:15:35]} 4. Bg2
{[%clk 0:15:44]} O-O {[%clk 0:15:43]} 5. d4 {[%clk 0:15:53]} d6 {[%clk 0:15:51]}
6. Nf3 {[%clk 0:16:01]} Nc6 {[%clk 0:16:00]} 7. O-O {[%clk 0:16:10]} Bd7
{[%clk 0:16:09]} 8. d5 {[%clk 0:16:08]} Na5 {[%clk 0:16:18]} 9. b3
{[%clk 0:16:17]} c6 {[%clk 0:12:51]} 10. dxc6 {[%clk 0:16:24]} Nxc6
{[%clk 0:12:39]} 11. Bb2 {[%clk 0:16:33]} Ne4 {[%clk 0:11:18]} 12. Qc1
{[%clk 0:16:13]} Nxc3 {[%clk 0:11:01]} 13. Bxc3 {[%clk 0:16:21]} Bxc3
{[%clk 0:11:08]} 14. Qxc3 {[%clk 0:16:29]} Qb6 {[%clk 0:08:17]} 15. Rfd1
{[%clk 0:16:26]} Bg4 {[%clk 0:07:41]} 16. Rac1 {[%clk 0:16:08]} a5
{[%clk 0:07:46]} 17. Nd4 {[%clk 0:14:44]} Rfc8 {[%clk 0:05:30]} 18. h3
{[%clk 0:10:37]} Bd7 {[%clk 0:05:33]} 19. Nc2 {[%clk 0:10:36]} Nb4
{[%clk 0:05:28]} 20. Qe3 {[%clk 0:09:17]} Qxe3 {[%clk 0:04:54]} 21. Nxe3
{[%clk 0:09:25]} Nxa2 {[%clk 0:03:25]} 22. Ra1 {[%clk 0:09:08]} Nc3
{[%clk 0:03:34]} 23. Rd3 {[%clk 0:08:43]} Nxe2+ {[%clk 0:03:42]} 24. Kf1
{[%clk 0:08:52]} Nxg3+ {[%clk 0:03:51]} 25. fxg3 {[%clk 0:09:00]} Bc6
{[%clk 0:02:17]} 26. Rd2 {[%clk 0:08:37]} Bxg2+ {[%clk 0:02:13]} 27. Rxg2
{[%clk 0:08:34]} b5 {[%clk 0:02:22]} 28. Nd5 {[%clk 0:07:58]} Rc5
{[%clk 0:02:15]} 29. b4 {[%clk 0:07:48]} 1-0

[Event "TeamRussiamenrapid"]
[Site "?"]
[Date "2016.10.05"]
[Round "1.2"]
[White "Ivanov, Alexander Al."]
[Black "Morozevich, Alexander"]
[Result "0-1"]
[LiveChessVersion "1.4.4"]
[BlackElo "2716"]
[WhiteElo "2473"]

1. e4 {[%clk 0:15:18]} e5 {[%clk 0:14:37]} 2. Nf3 {[%clk 0:15:25]} Nc6
{[%clk 0:14:46]} 3. Bb5 {[%clk 0:13:42]} a6 {[%clk 0:13:43]} 4. Bxc6
{[%clk 0:13:50]} dxc6 {[%clk 0:13:51]} 5. O-O {[%clk 0:13:58]} Qf6
{[%clk 0:08:27]} 6. d4 {[%clk 0:13:19]} exd4 {[%clk 0:08:36]} 7. Qxd4
{[%clk 0:13:28]} Bg4 {[%clk 0:07:14]} 8. Nbd2 {[%clk 0:12:27]} Qxd4
{[%clk 0:07:15]} 9. Nxd4 {[%clk 0:12:36]} O-O-O {[%clk 0:07:24]} 10. N4f3
{[%clk 0:10:56]} Nf6 {[%clk 0:06:18]} 11. Ng5 {[%clk 0:08:38]} Bh5
{[%clk 0:06:17]} 12. f3 {[%clk 0:08:39]} Nd7 {[%clk 0:05:26]} 13. Nc4
{[%clk 0:08:03]} f6 {[%clk 0:05:35]} 14. Nh3 {[%clk 0:07:55]} Bf7
{[%clk 0:05:43]} 15. Ne3 {[%clk 0:08:03]} Bc5 {[%clk 0:04:49]} 16. Kh1
{[%clk 0:07:27]} Rhe8 {[%clk 0:04:57]} 17. Nf2 {[%clk 0:06:00]} Ne5
{[%clk 0:05:01]} 18. Nfg4 {[%clk 0:05:11]} Nd7 {[%clk 0:04:15]} 19. Nf2
{[%clk 0:04:15]} h5 {[%clk 0:04:24]} 20. Nd3 {[%clk 0:04:23]} Ba7
{[%clk 0:04:29]} 21. h4 {[%clk 0:04:08]} g6 {[%clk 0:04:02]} 22. Nd1
{[%clk 0:03:12]} Bc4 {[%clk 0:03:41]} 23. Be3 {[%clk 0:02:19]} Bxd3
{[%clk 0:03:45]} 24. cxd3 {[%clk 0:02:28]} Bxe3 25. Nxe3 {[%clk 0:02:37]} Ne5
{[%clk 0:03:54]} 26. Rad1 {[%clk 0:02:15]} Nxd3 {[%clk 0:03:59]} 27. Rd2
{[%clk 0:02:23]} Nb4 {[%clk 0:03:52]} 28. Rxd8+ {[%clk 0:02:27]} Rxd8
{[%clk 0:04:01]} 29. a3 {[%clk 0:02:32]} Nd3 {[%clk 0:04:07]} 30. Rb1
{[%clk 0:02:18]} b5 {[%clk 0:03:53]} 31. Kh2 {[%clk 0:02:04]} Kb7
{[%clk 0:03:49]} 32. g4 {[%clk 0:02:01]} Ne5 {[%clk 0:03:51]} 33. gxh5
{[%clk 0:01:29]} gxh5 {[%clk 0:04:00]} 34. f4 {[%clk 0:01:22]} Nf3+
{[%clk 0:03:59]} 35. Kg2 {[%clk 0:01:20]} Nxh4+ {[%clk 0:02:43]} 36. Kg3
{[%clk 0:01:17]} Ng6 {[%clk 0:02:52]} 37. Rh1 {[%clk 0:01:12]} Rd3
{[%clk 0:02:58]} 38. Kf3 {[%clk 0:01:19]} h4 {[%clk 0:02:51]} 39. Rg1
{[%clk 0:01:19]} Nf8 {[%clk 0:02:45]} 40. Re1 {[%clk 0:00:52]} Ne6
{[%clk 0:02:47]} 41. Kg4 {[%clk 0:00:58]} h3 {[%clk 0:02:36]} 42. Nf5
{[%clk 0:00:40]} h2 {[%clk 0:02:26]} 43. Rh1 {[%clk 0:00:43]} Rd2
{[%clk 0:02:35]} 44. Ng3 {[%clk 0:00:37]} Rxb2 {[%clk 0:02:21]} 45. Kf5
{[%clk 0:00:42]} Nc5 {[%clk 0:02:15]} 46. Kxf6 Rg2 {[%clk 0:02:23]} 47. e5
{[%clk 0:00:22]} Rxg3 48. Rxh2 {[%clk 0:00:31]} Re3 {[%clk 0:02:08]} 49. Rd2
{[%clk 0:00:28]} Nd3 {[%clk 0:02:13]} 0-1

[Event "TeamRussiamenrapid"]
[Site "?"]
[Date "2016.10.05"]
[Round "1.3"]
[White "Dreev, Aleksey"]
[Black "Uzhva, Andrey"]
[Result "1-0"]
[LiveChessVersion "1.4.4"]
[BlackElo "2264"]
[WhiteElo "2690"]

1. d4 {[%clk 0:15:19]} Nf6 {[%clk 0:15:19]} 2. Nf3 {[%clk 0:15:28]} g6
{[%clk 0:15:24]} 3. g3 {[%clk 0:15:37]} Bg7 {[%clk 0:15:31]} 4. Bg2
{[%clk 0:15:46]} O-O {[%clk 0:15:36]} 5. O-O {[%clk 0:15:54]} d5 {[%clk 0:15:42]}
6. c4 {[%clk 0:16:02]} c6 {[%clk 0:15:47]} 7. Qb3 {[%clk 0:16:10]} Qb6
{[%clk 0:15:37]} 8. Nc3 {[%clk 0:16:18]} Qxb3 {[%clk 0:13:08]} 9. axb3
{[%clk 0:16:26]} Bf5 {[%clk 0:13:07]} 10. Bg5 {[%clk 0:14:33]} Rd8
{[%clk 0:12:13]} 11. Rfc1 {[%clk 0:14:20]} h6 {[%clk 0:12:13]} 12. Bf4
{[%clk 0:14:10]} Nbd7 {[%clk 0:09:18]} 13. cxd5 {[%clk 0:13:20]} cxd5
{[%clk 0:09:17]} 14. Ne5 {[%clk 0:13:01]} Nb6 {[%clk 0:05:50]} 15. Ra5
{[%clk 0:12:45]} g5 {[%clk 0:05:26]} 16. Be3 {[%clk 0:12:30]} a6 {[%clk 0:05:09]}
17. Rc5 {[%clk 0:11:40]} Rac8 {[%clk 0:03:48]} 18. b4 {[%clk 0:11:19]} e6
{[%clk 0:03:34]} 19. Na4 {[%clk 0:10:46]} Rxc5 {[%clk 0:03:41]} 20. Nxc5
{[%clk 0:10:55]} Rb8 {[%clk 0:03:32]} 21. h3 {[%clk 0:10:40]} Kf8
{[%clk 0:02:39]} 22. g4 {[%clk 0:10:46]} Bh7 {[%clk 0:02:48]} 23. f4
{[%clk 0:10:53]} gxf4 {[%clk 0:01:47]} 24. Bxf4 {[%clk 0:11:00]} Ra8
{[%clk 0:01:53]} 25. Nxb7 {[%clk 0:10:54]} Ne8 {[%clk 0:01:44]} 26. Rc6
{[%clk 0:10:40]} Nc8 {[%clk 0:01:39]} 27. Nc5 {[%clk 0:10:35]} Ncd6
{[%clk 0:01:00]} 28. e3 {[%clk 0:09:37]} Ke7 {[%clk 0:01:08]} 29. Bf1
{[%clk 0:09:03]} f6 {[%clk 0:00:46]} 30. Nf3 {[%clk 0:09:06]} Bc2
{[%clk 0:00:29]} 31. Bxd6+ {[%clk 0:09:05]} Nxd6 {[%clk 0:00:36]} 32. Rc7+
{[%clk 0:09:14]} 1-0

[Event "TeamRussiamenrapid"]
[Site "?"]
[Date "2016.10.05"]
[Round "1.4"]
[White "Ivlev, Aleksey"]
[Black "Popov, Ivan"]
[Result "0-1"]
[LiveChessVersion "1.4.4"]
[BlackElo "2695"]
[WhiteElo "2207"]

1. d4 {[%clk 0:15:19]} Nf6 {[%clk 0:15:19]} 2. Nf3 {[%clk 0:15:25]} g6
{[%clk 0:15:16]} 3. c4 {[%clk 0:15:32]} Bg7 {[%clk 0:15:23]} 4. Nc3
{[%clk 0:15:41]} d5 {[%clk 0:15:31]} 5. cxd5 {[%clk 0:15:36]} Nxd5
{[%clk 0:15:40]} 6. e4 {[%clk 0:15:36]} Nxc3 {[%clk 0:15:46]} 7. bxc3
{[%clk 0:15:45]} O-O {[%clk 0:15:47]} 8. Rb1 {[%clk 0:15:53]} c5 {[%clk 0:15:47]}
9. Be2 {[%clk 0:15:58]} Nc6 {[%clk 0:15:48]} 10. d5 {[%clk 0:16:06]} Ne5
{[%clk 0:15:57]} 11. Nxe5 {[%clk 0:15:38]} Bxe5 {[%clk 0:16:05]} 12. Qb3
{[%clk 0:15:47]} e6 {[%clk 0:14:32]} 13. f4 {[%clk 0:13:46]} Bg7 {[%clk 0:13:37]}
14. c4 {[%clk 0:12:59]} Re8 {[%clk 0:13:22]} 15. Qd3 {[%clk 0:09:23]} exd5
{[%clk 0:12:14]} 16. cxd5 {[%clk 0:09:29]} Rxe4 {[%clk 0:11:43]} 17. Qxe4
{[%clk 0:08:29]} Bf5 {[%clk 0:11:51]} 18. Qc4 {[%clk 0:05:36]} Bxb1
{[%clk 0:11:57]} 19. O-O {[%clk 0:05:39]} Bd4+ {[%clk 0:11:48]} 20. Kh1
{[%clk 0:05:47]} Be4 {[%clk 0:11:36]} 21. Bf3 {[%clk 0:05:37]} Bxf3
{[%clk 0:11:37]} 22. Rxf3 {[%clk 0:05:46]} Qe7 {[%clk 0:09:48]} 23. f5
{[%clk 0:04:05]} Re8 {[%clk 0:09:43]} 24. fxg6 {[%clk 0:01:56]} hxg6
{[%clk 0:09:50]} 25. d6 {[%clk 0:01:41]} Qe6 {[%clk 0:09:35]} 26. Qf1
{[%clk 0:01:05]} Qxd6 {[%clk 0:06:39]} 27. Rxf7 {[%clk 0:00:30]} Bc3
{[%clk 0:06:47]} 28. Qc4 {[%clk 0:00:32]} b5 {[%clk 0:06:46]} 29. Rf8+
{[%clk 0:00:15]} Kxf8 {[%clk 0:06:53]} 30. Bh6+ {[%clk 0:00:24]} Bg7
{[%clk 0:06:52]} 31. Qf1+ {[%clk 0:00:33]} Kg8 {[%clk 0:07:00]} 0-1

[Event "TeamRussiamenrapid"]
[Site "?"]
[Date "2016.10.05"]
[Round "1.5"]
[White "Derjabin, Ilja"]
[Black "Fedoseev, Vladimir"]
[Result "0-1"]
[LiveChessVersion "1.4.4"]
[BlackElo "2740"]
[WhiteElo "2341"]

1. d4 {[%clk 0:12:55]} d5 {[%clk 0:15:08]} 2. c4 {[%clk 0:13:02]} dxc4
{[%clk 0:15:16]} 3. e3 {[%clk 0:13:05]} e5 {[%clk 0:15:22]} 4. Bxc4
{[%clk 0:12:57]} exd4 {[%clk 0:15:29]} 5. exd4 {[%clk 0:13:06]} Nf6
{[%clk 0:15:37]} 6. Ne2 {[%clk 0:13:14]} Bd6 {[%clk 0:15:43]} 7. O-O
{[%clk 0:13:16]} O-O {[%clk 0:15:50]} 8. Nbc3 {[%clk 0:13:25]} a6
{[%clk 0:15:46]} 9. Ng3 {[%clk 0:11:45]} Nc6 {[%clk 0:15:53]} 10. Bg5
{[%clk 0:09:41]} h6 {[%clk 0:15:46]} 11. Bxf6 {[%clk 0:09:36]} Qxf6
{[%clk 0:15:53]} 12. Nce4 {[%clk 0:08:58]} Qd8 {[%clk 0:15:16]} 13. Nxd6
{[%clk 0:08:50]} Qxd6 {[%clk 0:15:23]} 14. d5 {[%clk 0:08:55]} Ne5
{[%clk 0:15:29]} 15. Be2 {[%clk 0:09:03]} f5 {[%clk 0:15:06]} 16. f4
{[%clk 0:08:13]} Ng6 {[%clk 0:13:48]} 17. Qd4 {[%clk 0:07:57]} c5
{[%clk 0:13:54]} 18. Qd2 {[%clk 0:08:05]} Bd7 {[%clk 0:13:48]} 19. Rad1
{[%clk 0:07:16]} b5 {[%clk 0:13:21]} 20. Bh5 {[%clk 0:07:06]} Nh4
{[%clk 0:13:20]} 21. Rde1 {[%clk 0:06:01]} g6 {[%clk 0:12:55]} 22. Bd1
{[%clk 0:06:09]} Rae8 {[%clk 0:12:14]} 23. Kh1 {[%clk 0:06:13]} Bc6
{[%clk 0:12:07]} 24. Bb3 {[%clk 0:01:09]} c4 {[%clk 0:12:16]} 25. Rd1
{[%clk 0:01:18]} Bb7 {[%clk 0:12:24]} 26. Bc2 {[%clk 0:01:24]} Rd8
{[%clk 0:12:33]} 27. Qf2 {[%clk 0:00:30]} Qf6 {[%clk 0:12:34]} 28. Rfe1
{[%clk 0:00:11]} Bxd5 {[%clk 0:12:38]} 0-1

[Event "TeamRussiamenrapid"]
[Site "?"]
[Date "2016.10.05"]
[Round "1.6"]
[White "Chigaev, Maksim"]
[Black "Iljin, Timofey"]
[Result "1-0"]
[LiveChessVersion "1.4.4"]
[BlackElo "2464"]
[WhiteElo "2627"]

1. e4 {[%clk 0:15:17]} c5 {[%clk 0:15:19]} 2. Nf3 {[%clk 0:15:24]} Nc6
{[%clk 0:15:28]} 3. Bb5 {[%clk 0:15:32]} e6 {[%clk 0:15:36]} 4. Bxc6
{[%clk 0:15:40]} bxc6 {[%clk 0:15:45]} 5. d3 {[%clk 0:15:48]} Ne7
{[%clk 0:15:44]} 6. Qe2 {[%clk 0:15:56]} Ng6 {[%clk 0:15:45]} 7. h4
{[%clk 0:15:52]} h5 {[%clk 0:15:52]} 8. e5 {[%clk 0:15:51]} f6 {[%clk 0:15:10]}
9. Qe4 {[%clk 0:15:59]} Kf7 {[%clk 0:15:06]} 10. Nbd2 {[%clk 0:15:56]} Nxe5
{[%clk 0:14:31]} 11. Nxe5+ {[%clk 0:15:55]} fxe5 {[%clk 0:14:39]} 12. Qxe5
{[%clk 0:10:57]} d6 {[%clk 0:13:05]} 13. Qe2 {[%clk 0:10:49]} Kg8
{[%clk 0:11:56]} 14. Nf3 {[%clk 0:10:12]} e5 {[%clk 0:11:08]} 15. Bg5
{[%clk 0:10:13]} Qe8 {[%clk 0:09:23]} 16. O-O {[%clk 0:10:15]} Bg4
{[%clk 0:09:18]} 17. Qe4 {[%clk 0:10:04]} Qd7 {[%clk 0:09:12]} 18. a3
{[%clk 0:08:54]} Re8 {[%clk 0:09:17]} 19. Qe3 {[%clk 0:08:43]} Qf7
{[%clk 0:07:44]} 20. Nd2 {[%clk 0:05:51]} Be7 {[%clk 0:03:47]} 21. b4
{[%clk 0:05:15]} Bxg5 {[%clk 0:03:40]} 22. Qxg5 {[%clk 0:05:23]} Rh6
{[%clk 0:03:23]} 23. Qe3 {[%clk 0:03:51]} Qe7 {[%clk 0:03:00]} 24. Ne4
{[%clk 0:03:02]} Qxh4 {[%clk 0:02:53]} 25. bxc5 {[%clk 0:03:10]} d5
{[%clk 0:02:16]} 26. Nd6 {[%clk 0:03:12]} Re7 {[%clk 0:01:45]} 27. f3
{[%clk 0:01:27]} Bd7 {[%clk 0:01:51]} 28. Qf2 {[%clk 0:01:31]} Qf4
{[%clk 0:01:44]} 29. Rab1 {[%clk 0:01:18]} Rg6 {[%clk 0:01:42]} 30. Rb4
{[%clk 0:01:12]} d4 {[%clk 0:01:03]} 31. Kh1 {[%clk 0:00:35]} h4 {[%clk 0:01:02]}
32. c3 {[%clk 0:00:44]} h3 {[%clk 0:00:20]} 33. g4 {[%clk 0:00:53]} Be6
{[%clk 0:00:25]} 34. cxd4 {[%clk 0:00:46]} Bd5 {[%clk 0:00:21]} 35. dxe5
{[%clk 0:00:33]} Qxe5 {[%clk 0:00:20]} 36. Rb8+ {[%clk 0:00:41]} Kh7
{[%clk 0:00:28]} 37. Nf5 {[%clk 0:00:47]} Rxg4 {[%clk 0:00:16]} 38. Nxe7
{[%clk 0:00:49]} Qxb8 {[%clk 0:00:21]} 39. Nxd5 {[%clk 0:00:53]} Rg3
{[%clk 0:00:18]} 40. f4 {[%clk 0:00:50]} Rg6 {[%clk 0:00:12]} 41. Ne7
{[%clk 0:00:51]} Rh6 {[%clk 0:00:14]} 42. Nf5 {[%clk 0:00:45]} Rh5
{[%clk 0:00:20]} 43. Ng3 {[%clk 0:00:53]} Rh6 {[%clk 0:00:26]} 44. Ne4
{[%clk 0:01:02]} Qb3 {[%clk 0:00:29]} 45. Ng5+ {[%clk 0:01:11]} Kg8
{[%clk 0:00:37]} 46. Qe3 {[%clk 0:01:06]} Qd5+ {[%clk 0:00:31]} 47. Qe4
{[%clk 0:01:15]} Qxc5 {[%clk 0:00:37]} 48. Rb1 {[%clk 0:01:06]} Qf8
{[%clk 0:00:11]} 49. Qc4+ {[%clk 0:01:08]} 1-0

[Event "TeamRussiamenrapid"]
[Site "?"]
[Date "2016.10.05"]
[Round "1.7"]
[White "Kurbedinov, Ramis"]
[Black "Predke, Alexandr"]
[Result "0-1"]
[LiveChessVersion "1.4.4"]
[BlackElo "2618"]
[WhiteElo "2249"]

1. d4 {[%clk 0:15:18]} Nf6 {[%clk 0:15:18]} 2. c4 {[%clk 0:15:27]} e6
{[%clk 0:15:26]} 3. Nc3 {[%clk 0:15:35]} Bb4 {[%clk 0:15:34]} 4. e3
{[%clk 0:15:43]} O-O {[%clk 0:15:41]} 5. Bd3 {[%clk 0:15:52]} d5 {[%clk 0:15:41]}
6. Nf3 {[%clk 0:15:55]} c5 {[%clk 0:15:46]} 7. O-O {[%clk 0:16:01]} Nc6
{[%clk 0:15:43]} 8. a3 {[%clk 0:15:28]} Ba5 {[%clk 0:15:43]} 9. cxd5
{[%clk 0:12:55]} exd5 {[%clk 0:15:43]} 10. dxc5 {[%clk 0:12:59]} Bxc3
{[%clk 0:15:31]} 11. bxc3 {[%clk 0:13:08]} Bg4 {[%clk 0:15:24]} 12. Rb1
{[%clk 0:12:36]} Qe7 {[%clk 0:14:24]} 13. Qc2 {[%clk 0:08:56]} Bxf3
{[%clk 0:10:28]} 14. gxf3 {[%clk 0:09:05]} Ne5 {[%clk 0:10:30]} 15. Be2
{[%clk 0:08:45]} Rfc8 {[%clk 0:09:37]} 16. a4 {[%clk 0:08:04]} Rc6
{[%clk 0:09:44]} 17. Kh1 {[%clk 0:08:00]} Qd7 {[%clk 0:08:52]} 18. f4
{[%clk 0:04:55]} Qh3 {[%clk 0:06:43]} 0-1

[Event "TeamRussiamenrapid"]
[Site "?"]
[Date "2016.10.05"]
[Round "1.8"]
[White "Yuffa, Daniil"]
[Black "Papenin, Nikolai"]
[Result "1-0"]
[LiveChessVersion "1.4.4"]
[BlackElo "2334"]
[WhiteElo "2566"]

1. Nf3 {[%clk 0:15:15]} Nf6 {[%clk 0:15:19]} 2. c4 {[%clk 0:15:22]} g6
{[%clk 0:15:26]} 3. Nc3 {[%clk 0:15:29]} d5 {[%clk 0:15:28]} 4. cxd5 Nxd5
{[%clk 0:15:37]} 5. h4 {[%clk 0:15:43]} Bg7 {[%clk 0:14:30]} 6. h5
{[%clk 0:15:29]} O-O {[%clk 0:14:13]} 7. hxg6 {[%clk 0:15:02]} hxg6
{[%clk 0:14:21]} 8. Qa4 {[%clk 0:12:41]} e6 {[%clk 0:10:30]} 9. Qg4
{[%clk 0:08:01]} e5 {[%clk 0:08:17]} 10. Qg3 {[%clk 0:08:04]} Re8
{[%clk 0:07:04]} 11. Nxd5 {[%clk 0:02:34]} Qxd5 {[%clk 0:07:13]} 12. d3
{[%clk 0:01:45]} e4 {[%clk 0:05:56]} 13. dxe4 {[%clk 0:01:32]} Rxe4
{[%clk 0:05:30]} 14. Bd2 {[%clk 0:00:55]} Nc6 {[%clk 0:04:56]} 15. Rd1
{[%clk 0:01:01]} Bg4 {[%clk 0:03:56]} 16. Bc3 {[%clk 0:00:30]} Bxc3+
{[%clk 0:03:26]} 17. bxc3 {[%clk 0:00:39]} Qc4 {[%clk 0:03:27]} 18. Qh4
{[%clk 0:00:23]} Bh5 {[%clk 0:02:04]} 19. Qf6 {[%clk 0:00:31]} Re6
{[%clk 0:02:12]} 20. Rh4 {[%clk 0:00:18]} Qc5 {[%clk 0:01:14]} 21. Qg5
{[%clk 0:00:18]} Qxc3+ {[%clk 0:01:15]} 22. Qd2 {[%clk 0:00:24]} Qf6
{[%clk 0:00:58]} 23. Rf4 {[%clk 0:00:28]} Qe7 {[%clk 0:00:53]} 24. g4
{[%clk 0:00:36]} Rd8 {[%clk 0:00:40]} 25. Qc3 {[%clk 0:00:40]} Rxd1+
{[%clk 0:00:34]} 26. Kxd1 {[%clk 0:00:50]} g5 {[%clk 0:00:32]} 27. Rc4
{[%clk 0:00:46]} Bg6 {[%clk 0:00:32]} 28. e3 {[%clk 0:00:38]} Rd6+
{[%clk 0:00:21]} 29. Ke1 {[%clk 0:00:48]} Be4 {[%clk 0:00:17]} 30. Nxg5
{[%clk 0:00:50]} Bd5 {[%clk 0:00:15]} 31. f4 {[%clk 0:00:41]} f6 {[%clk 0:00:12]}
32. Nh3 {[%clk 0:00:32]} Qh7 {[%clk 0:00:16]} 33. Rc5 {[%clk 0:00:37]} Qb1+
{[%clk 0:00:22]} 34. Kf2 {[%clk 0:00:46]} Qe4 {[%clk 0:00:23]} 35. Rxd5
{[%clk 0:00:40]} Rxd5 {[%clk 0:00:32]} 36. Bc4 {[%clk 0:00:39]} Kf7
{[%clk 0:00:12]} 37. g5 {[%clk 0:00:35]} Ke8 38. Bxd5 Nb8 {[%clk 0:15:10]} 1-0

[Event "TeamRussiamenrapid"]
[Site "?"]
[Date "2016.10.05"]
[Round "1.9"]
[White "Artemiev, Vladislav"]
[Black "Tekeyev, Zaur"]
[Result "1-0"]
[LiveChessVersion "1.4.4"]
[BlackElo "2443"]
[WhiteElo "2701"]

1. e4 {[%clk 0:15:17]} c5 {[%clk 0:15:19]} 2. Nf3 {[%clk 0:15:23]} Nc6
{[%clk 0:15:28]} 3. Bb5 {[%clk 0:15:30]} g6 {[%clk 0:15:36]} 4. O-O
{[%clk 0:15:31]} Bg7 {[%clk 0:15:44]} 5. Nc3 {[%clk 0:15:35]} Nf6
{[%clk 0:15:52]} 6. e5 {[%clk 0:15:39]} Ng4 {[%clk 0:16:00]} 7. Bxc6
{[%clk 0:15:43]} dxc6 {[%clk 0:16:09]} 8. Re1 {[%clk 0:15:43]} O-O
{[%clk 0:16:16]} 9. h3 {[%clk 0:15:35]} Nh6 {[%clk 0:16:25]} 10. d3
{[%clk 0:15:43]} Nf5 {[%clk 0:15:51]} 11. Bf4 {[%clk 0:15:49]} Nd4
{[%clk 0:14:16]} 12. Nxd4 {[%clk 0:15:12]} cxd4 {[%clk 0:14:02]} 13. Ne4
{[%clk 0:15:20]} Qd5 {[%clk 0:13:57]} 14. Ng3 {[%clk 0:14:38]} c5
{[%clk 0:12:27]} 15. Qd2 {[%clk 0:14:08]} b5 {[%clk 0:09:38]} 16. Bh6
{[%clk 0:14:07]} Bb7 {[%clk 0:09:38]} 17. Re4 {[%clk 0:12:20]} Bxe5
{[%clk 0:03:49]} 18. Bxf8 {[%clk 0:12:26]} f5 {[%clk 0:03:29]} 19. f4
{[%clk 0:09:21]} fxe4 20. dxe4 {[%clk 0:09:30]} Qe6 {[%clk 0:02:48]} 21. Bh6
{[%clk 0:09:38]} Bf6 {[%clk 0:02:49]} 22. e5 {[%clk 0:07:58]} Bg7
{[%clk 0:02:08]} 23. Bxg7 {[%clk 0:08:02]} Kxg7 {[%clk 0:02:17]} 24. Rf1
{[%clk 0:06:03]} Rd8 {[%clk 0:01:26]} 25. Qe2 {[%clk 0:05:53]} Qc4
{[%clk 0:01:15]} 26. Qd2 {[%clk 0:04:41]} d3 {[%clk 0:01:07]} 27. c3
{[%clk 0:04:48]} Qd5 {[%clk 0:00:57]} 28. Rf2 {[%clk 0:04:16]} c4
{[%clk 0:00:46]} 29. Kh2 {[%clk 0:04:15]} Qc5 {[%clk 0:00:50]} 30. Rf1
{[%clk 0:03:08]} a5 {[%clk 0:00:52]} 31. Re1 {[%clk 0:02:47]} Rf8
{[%clk 0:00:44]} 32. a3 {[%clk 0:01:23]} Bd5 {[%clk 0:00:26]} 33. Rf1
{[%clk 0:01:07]} Bc6 {[%clk 0:00:28]} 34. Rf2 {[%clk 0:00:57]} Rd8
{[%clk 0:00:32]} 35. Nf1 {[%clk 0:01:01]} Qd5 {[%clk 0:00:33]} 36. Qe3
{[%clk 0:01:06]} e6 {[%clk 0:00:19]} 37. Nd2 {[%clk 0:00:24]} Rd7
{[%clk 0:00:27]} 38. h4 {[%clk 0:00:26]} Rf7 {[%clk 0:00:26]} 39. Nf3
{[%clk 0:00:34]} h6 {[%clk 0:00:22]} 40. Nd4 {[%clk 0:00:35]} Bb7
{[%clk 0:00:26]} 41. h5 {[%clk 0:00:36]} g5 {[%clk 0:00:14]} 42. f5
{[%clk 0:00:45]} exf5 {[%clk 0:00:13]} 43. e6 {[%clk 0:00:54]} f4
{[%clk 0:00:15]} 44. exf7 {[%clk 0:00:59]} Qxg2+ {[%clk 0:00:17]} 45. Rxg2
{[%clk 0:01:05]} fxe3 {[%clk 0:00:26]} 46. Nf5+ {[%clk 0:00:29]} Kxf7
{[%clk 0:00:30]} 47. Nxe3 {[%clk 0:00:37]} Bxg2 {[%clk 0:00:34]} 48. Kxg2
{[%clk 0:00:46]} Kf6 {[%clk 0:00:34]} 49. Kf3 {[%clk 0:00:52]} a4
{[%clk 0:00:24]} 50. Ng4+ {[%clk 0:00:51]} Kg7 {[%clk 0:00:21]} 51. Ke3
{[%clk 0:00:44]} Kh7 {[%clk 0:00:29]} 52. Ke4 {[%clk 0:00:38]} Kg7
{[%clk 0:00:29]} 53. Kf5 {[%clk 0:00:45]} Kh7 {[%clk 0:00:31]} 54. Ne3
{[%clk 0:00:47]} Kg7 {[%clk 0:00:31]} 55. Ke6 {[%clk 0:00:47]} Kh7
{[%clk 0:00:30]} 56. Kf6 {[%clk 0:00:40]} Kh8 {[%clk 0:00:16]} 57. Kg6
{[%clk 0:00:46]} d2 {[%clk 0:00:21]} 58. Kf5 {[%clk 0:00:53]} Kg7
{[%clk 0:00:22]} 59. Ke4 {[%clk 0:00:16]} Kf6 {[%clk 0:00:14]} 60. Kf3
{[%clk 0:00:25]} Ke6 {[%clk 0:00:12]} 61. Ke2 {[%clk 0:00:24]} g4
{[%clk 0:00:11]} 62. Nxg4 {[%clk 0:00:31]} Kf5 {[%clk 0:00:19]} 63. Nxh6+
{[%clk 0:00:39]} Kg5 {[%clk 0:00:26]} 64. Nf7+ {[%clk 0:00:47]} 1-0

[Event "TeamRussiamenrapid"]
[Site "?"]
[Date "2016.10.05"]
[Round "1.11"]
[White "Timofeev, Artyom"]
[Black "Rozhko, Dmitry"]
[Result "0-1"]
[LiveChessVersion "1.4.4"]
[BlackElo "2280"]
[WhiteElo "2566"]

1. e4 {[%clk 0:15:17]} e6 {[%clk 0:15:09]} 2. d4 {[%clk 0:15:24]} d5
{[%clk 0:15:17]} 3. Nd2 {[%clk 0:15:24]} c5 {[%clk 0:15:17]} 4. Ngf3
{[%clk 0:15:27]} cxd4 {[%clk 0:15:19]} 5. Nxd4 {[%clk 0:15:25]} Nc6
{[%clk 0:15:24]} 6. Bb5 {[%clk 0:15:24]} Bd7 {[%clk 0:15:22]} 7. Nxc6
{[%clk 0:15:30]} Bxc6 {[%clk 0:15:18]} 8. Bxc6+ {[%clk 0:15:38]} bxc6
{[%clk 0:15:27]} 9. c4 {[%clk 0:15:32]} Bc5 {[%clk 0:12:46]} 10. Qa4
{[%clk 0:13:39]} Ne7 {[%clk 0:12:07]} 11. cxd5 {[%clk 0:13:32]} exd5
{[%clk 0:12:13]} 12. O-O {[%clk 0:13:36]} O-O {[%clk 0:12:16]} 13. Nb3
{[%clk 0:12:50]} Bb6 {[%clk 0:12:12]} 14. Bg5 {[%clk 0:12:56]} f6
{[%clk 0:11:15]} 15. Bd2 {[%clk 0:12:12]} Re8 {[%clk 0:11:03]} 16. Rad1
{[%clk 0:12:07]} Rc8 {[%clk 0:08:28]} 17. Ba5 {[%clk 0:10:44]} Ng6
{[%clk 0:07:44]} 18. exd5 {[%clk 0:10:14]} cxd5 {[%clk 0:07:51]} 19. Bxb6
{[%clk 0:10:21]} axb6 {[%clk 0:07:58]} 20. Qb5 {[%clk 0:10:07]} Re5
{[%clk 0:06:21]} 21. g3 {[%clk 0:09:27]} d4 {[%clk 0:05:41]} 22. Qa6
{[%clk 0:09:31]} Qd7 {[%clk 0:04:27]} 23. Rxd4 {[%clk 0:08:44]} Qh3
{[%clk 0:04:34]} 24. Qb7 {[%clk 0:08:51]} Rh5 {[%clk 0:04:10]} 25. Qg2
{[%clk 0:08:56]} Qxg2+ {[%clk 0:03:58]} 26. Kxg2 {[%clk 0:09:03]} Rc2
{[%clk 0:04:05]} 27. Rd2 {[%clk 0:09:06]} Rxd2 {[%clk 0:04:02]} 28. Nxd2
{[%clk 0:09:14]} Rc5 {[%clk 0:03:55]} 29. b3 {[%clk 0:08:14]} Rc2
{[%clk 0:03:58]} 30. Nc4 {[%clk 0:08:15]} Rxa2 {[%clk 0:03:53]} 31. Re1
{[%clk 0:08:11]} h5 {[%clk 0:03:18]} 32. Re8+ {[%clk 0:08:07]} Kh7
{[%clk 0:03:25]} 33. Rb8 {[%clk 0:08:14]} h4 {[%clk 0:03:16]} 34. Rxb6
{[%clk 0:08:21]} h3+ {[%clk 0:03:03]} 35. Kf3 {[%clk 0:08:24]} Ne7
{[%clk 0:02:43]} 36. Ne3 {[%clk 0:07:17]} Ng6 {[%clk 0:02:49]} 37. g4
{[%clk 0:07:14]} Ne5+ {[%clk 0:02:52]} 38. Kg3 {[%clk 0:07:22]} Nd3
{[%clk 0:02:57]} 39. Kxh3 {[%clk 0:05:55]} Nxf2+ {[%clk 0:02:59]} 40. Kg3
{[%clk 0:06:03]} Ne4+ {[%clk 0:03:03]} 41. Kf4 {[%clk 0:05:07]} Ng5
{[%clk 0:03:06]} 42. h4 {[%clk 0:04:19]} Rf2+ {[%clk 0:03:08]} 43. Kg3
{[%clk 0:04:27]} Ne4+ {[%clk 0:03:17]} 44. Kh3 {[%clk 0:04:30]} Rf3+
{[%clk 0:03:26]} 45. Kh2 {[%clk 0:04:37]} Rxe3 {[%clk 0:03:34]} 46. Re6
{[%clk 0:04:21]} Kg6 {[%clk 0:03:29]} 47. Re7 {[%clk 0:04:20]} Re2+
{[%clk 0:03:10]} 48. Kg1 {[%clk 0:04:27]} Nc3 {[%clk 0:02:26]} 49. Rxe2 Nxe2+
{[%clk 0:02:35]} 50. Kf2 {[%clk 0:04:42]} Nc1 {[%clk 0:02:43]} 0-1